[Event "POHÁR města Říčany 2023"]
[Site "Městské kulturní středisko U labutě"]
[Date "2023.08.26"]
[Round "1.24"]
[White "Madle, Robin"]
[Black "Dudkova, Josefina"]
[Result "1/2-1/2"]
[WhiteElo "1899"]
[BlackElo "1587"]
[WhiteFideId "393886"]
[BlackFideId "23712350"]
[PlyCount "0"]
[EventDate "2023.08.26"]

1. b3 d5 2. Bb2 Nf6 3. e3 Bf5 4. Nf3 e6 5. c4 c6 6. Be2 h6 7. d4 Bb4+ 8. Bc3
Bxc3+ 9. Nxc3 O-O 10. O-O Nbd7 11. cxd5 cxd5 12. Qd2 Rc8 13. Rac1 a6 14. Bd3
Bxd3 15. Qxd3 Qb6 16. Rc2 Rc7 17. Na4 Qd6 18. Rfc1 Rfc8 19. Ne1 b5 20. Nc3 Nb8
21. Ne2 Nc6 22. Qd1 Nb4 23. Rxc7 Rxc7 24. Rxc7 Qxc7 25. a3 Nc6 26. Qc2 Qd6
27. Qc5 Qxc5 28. dxc5 e5 29. Nc2 a5 30. b4 Ne4 31. f3 Nd2 32. Nc3 d4 33. exd4
exd4 34. Nxb5 d3 35. Ncd4 Nb1 36. Kf2 Nxa3 37. Nxa3 Nxd4 38. Nc4 axb4 39. Ke3
Nc6 40. Kxd3 Kf8 41. Nb2 Ke7 42. Kc4 Ke6 43. Nd3 b3 44. Kxb3 Kd5 45. Kc3 f6
46. h3 g5 47. g4 Ne7 48. Kb4 Kd4 49. Nf2 Ke3 50. Ne4 f5 51. Nf6 f4 52. Kc4 Kxf3
53. Nd5 Nc6 54. Nb4 Kg2 55. Nd3 Kxh3 56. Kd5 Nb8 57. Ne5 Kg3 58. Ke4 Nc6
59. Nxc6 f3 60. Nd4 f2 61. Nf5+ Kg2 62. Ne3+ 1/2-1/2

[Event "POHÁR města Říčany 2023"]
[Site "Městské kulturní středisko U labutě"]
[Date "2023.08.26"]
[Round "1.25"]
[White "Slivova, Linda"]
[Black "Hosova, Sandra"]
[Result "1-0"]
[WhiteElo "1586"]
[BlackElo "1898"]
[WhiteFideId "23709294"]
[BlackFideId "397717"]
[PlyCount "0"]
[EventDate "2023.08.26"]

1. d4 Nf6 2. Nf3 d5 3. Bf4 e6 4. e3 Be7 5. Bd3 Nbd7 6. Nbd2 O-O 7. Ne5 c5 8. c3
Qb6 9. Rb1 Bd6 10. Bg3 Qc7 11. f4 Ne8 12. Qh5 f5 13. O-O Ndf6 14. Qh3 Ne4
15. Nxe4 dxe4 16. Be2 Nf6 17. Bh4 Be7 18. Qg3 Bd7 19. Bg5 Kh8 20. Qh3 Be8
21. Bc4 Nd5 22. Bxe7 Qxe7 23. Bb5 Rf6 24. Bxe8 Rxe8 25. dxc5 Rh6 26. Qg3 Rc8
27. c4 Nb4 28. a3 Nd3 29. Nxd3 exd3 30. b4 b6 31. cxb6 Rxc4 32. bxa7 Qxa7
33. Rbc1 Rc2 34. Rxc2 dxc2 35. Qf2 Rh5 36. Qxc2 Qxe3+ 37. Kh1 h6 38. Qd1 g6
39. Rf3 Qb6 40. Rg3 Rh4 41. Rxg6 Rxf4 42. Qa1+ Rd4 43. Rxh6+ Kg8 44. Rxe6 Qxe6
45. Qxd4 Qe1+ 46. Qg1 Qc3 47. Qb1 Qxa3 48. b5 1-0

[Event "POHÁR města Říčany 2023"]
[Site "Městské kulturní středisko U labutě"]
[Date "2023.08.26"]
[Round "1.26"]
[White "Topencik, Bruno"]
[Black "Simak, Ivo"]
[Result "1-0"]
[WhiteElo "1897"]
[BlackElo "1575"]
[WhiteFideId "23716550"]
[BlackFideId "390879"]
[PlyCount "0"]
[EventDate "2023.08.26"]

1. e4 b6 2. d4 Bb7 3. Nc3 d6 4. Nf3 g6 5. b3 Bg7 6. Bb2 a6 7. Bd3 Nc6 8. Ne2 e6
9. O-O Nb4 10. a3 Nxd3 11. Qxd3 Nf6 12. d5 e5 13. c4 O-O 14. Nd2 Nh5 15. f3 f5
16. Rae1 b5 17. cxb5 axb5 18. b4 c6 19. dxc6 Bxc6 20. Rc1 Rc8 21. Rxc6 Rxc6
22. Qd5+ Kh8 23. Qxc6 Qb8 24. Qc3 Rc8 25. Qe3 f4 26. Qf2 Bf6 27. Nc3 Bd8 28. Kh1
Nf6 29. Qe2 Qb6 30. g3 fxg3 31. hxg3 Nh5 32. Kh2 Qc7 33. Rc1 Qg7 34. Qe3 g5
35. Nd5 Rxc1 36. Bxc1 g4 37. fxg4 Bg5 38. Qf3 1-0

[Event "POHÁR města Říčany 2023"]
[Site "Městské kulturní středisko U labutě"]
[Date "2023.08.26"]
[Round "1.27"]
[White "Kubicek, Daniel"]
[Black "Skala, Jaromir"]
[Result "0-1"]
[WhiteElo "1561"]
[BlackElo "1895"]
[WhiteFideId "23718838"]
[BlackFideId "325805"]
[PlyCount "0"]
[EventDate "2023.08.26"]

1. e4 e5 2. Nf3 Nc6 3. c3 f5 4. exf5 e4 5. Nd4 Nf6 6. g4 Bc5 7. g5 O-O 8. gxf6
Qxf6 9. Bc4+ Kh8 10. Nxc6 Qxf5 11. O-O Bxf2+ 12. Kh1 dxc6 13. d3 Qh3 14. dxe4
Bg4 15. Be2 Bg3 16. Bxg4 Qxh2# 0-1

[Event "POHÁR města Říčany 2023"]
[Site "Městské kulturní středisko U labutě"]
[Date "2023.08.26"]
[Round "1.28"]
[White "Salac, Jiri"]
[Black "Svadlenka, Michal"]
[Result "1-0"]
[WhiteElo "1885"]
[BlackElo "1556"]
[WhiteFideId "303992"]
[BlackFideId "23717068"]
[PlyCount "0"]
[EventDate "2023.08.26"]

1. d4 Nf6 2. Nf3 g6 3. Bf4 Bg7 4. Qd2 O-O 5. Bh6 d6 6. Bxg7 Kxg7 7. Nc3 c5
8. d5 Bf5 9. Nh4 Bd7 10. e4 a6 11. a4 Qa5 12. Ra3 Re8 13. Bd3 e6 14. dxe6 Bxe6
15. O-O Nc6 16. Nf3 Rad8 17. Rd1 Bg4 18. Qf4 Nd4 19. Nd5 Nxf3+ 20. gxf3 Nxd5
21. Qxg4 Nf6 22. Qf4 d5 23. Raa1 dxe4 24. Bc4 Rxd1+ 25. Rxd1 Qxa4 26. b3 Qc6
27. Rd6 Qc7 28. Qxf6+ Kg8 29. fxe4 b5 30. Bd5 a5 31. Rb6 Qd7 32. h3 b4 33. Rb7
1-0

[Event "POHÁR města Říčany 2023"]
[Site "Městské kulturní středisko U labutě"]
[Date "2023.08.26"]
[Round "1.29"]
[White "Glasberger, Roman"]
[Black "Voracek, Zdenek"]
[Result "0-1"]
[WhiteElo "1555"]
[BlackElo "1882"]
[WhiteFideId "398799"]
[BlackFideId "331880"]
[PlyCount "0"]
[EventDate "2023.08.26"]

1. e4 Nf6 2. Nc3 d5 3. exd5 Nxd5 4. Nxd5 Qxd5 5. d4 Nc6 6. Be3 Bf5 7. Nf3 O-O-O
8. c3 e5 9. dxe5 Qe4 10. Qe2 h6 11. Bd4 Nxd4 12. Nxd4 Rxd4 13. cxd4 Bb4+ 14. Kd1
Qxd4+ 15. Kc1 Rd8 16. g4 Bd2+ 17. Kd1 Qxb2 18. gxf5 Qxa1+ 19. Kc2 Qxa2+ 0-1

[Event "POHÁR města Říčany 2023"]
[Site "Městské kulturní středisko U labutě"]
[Date "2023.08.26"]
[Round "1.30"]
[White "Skokan, Frantisek"]
[Black "Osipyan, David"]
[Result "1-0"]
[WhiteElo "1881"]
[BlackElo "1555"]
[WhiteFideId "327492"]
[BlackFideId "23751827"]
[PlyCount "0"]
[EventDate "2023.08.26"]

1. d4 e6 2. Bf4 f5 3. Nf3 Nf6 4. h3 b6 5. e3 Bb7 6. Be2 Be7 7. Nbd2 O-O 8. O-O
h6 9. Bh2 d6 10. Bc4 Qd7 11. c3 Nc6 12. b4 Nd8 13. a4 a6 14. Bb3 b5 15. c4 Nf7
16. Qe2 c6 17. Rfc1 Rfc8 18. c5 d5 19. Ne5 Nxe5 20. Bxe5 Kf7 21. f3 h5 22. Rf1
Rh8 23. Bc2 h4 24. e4 g6 25. exd5 Nxd5 26. Bxh8 Rxh8 27. Rfe1 Nxb4 28. Bb3 Bc8
29. Kh1 Bf6 30. axb5 axb5 1-0

[Event "POHÁR města Říčany 2023"]
[Site "Městské kulturní středisko U labutě"]
[Date "2023.08.26"]
[Round "1.31"]
[White "Sboev, Kirill"]
[Black "Cervenka, Petr"]
[Result "0-1"]
[WhiteElo "1542"]
[BlackElo "1869"]
[WhiteFideId "23732245"]
[BlackFideId "312444"]
[PlyCount "0"]
[EventDate "2023.08.26"]

1. d4 e6 2. c4 f5 3. Nc3 Nf6 4. Bg5 Be7 5. Nf3 d6 6. e3 O-O 7. Bd3 Nc6 8. O-O
Qe8 9. Nb5 Bd8 10. Bxf6 Rxf6 11. d5 Nb4 12. a3 Nxd3 13. Qxd3 e5 14. Qd2 Qh5
15. Ne1 f4 16. exf4 Rh6 17. Nf3 Bf5 0-1

[Event "POHÁR města Říčany 2023"]
[Site "Městské kulturní středisko U labutě"]
[Date "2023.08.26"]
[Round "1.32"]
[White "Korniichuk, Oleksandra"]
[Black "Cizek, Jan"]
[Result "1-0"]
[WhiteElo "1869"]
[BlackElo "1515"]
[WhiteFideId "14155656"]
[BlackFideId "23745703"]
[PlyCount "0"]
[EventDate "2023.08.26"]

1. e4 c5 2. Be2 d6 3. f4 g6 4. Nf3 Bg7 5. c3 Nf6 6. d3 Nc6 7. O-O O-O 8. h3 b6
9. Be3 Bb7 10. Nbd2 Rc8 11. Kh2 Qd7 12. g4 Rfd8 13. Rc1 Rc7 14. Qe1 Qc8 15. Qh4
Nd7 16. f5 Nce5 17. Ng5 h6 18. Nxf7 Nxf7 19. fxg6 Nfe5 20. Bxh6 Nxg6 21. Qg5
Bxh6 22. Qxg6+ Bg7 23. Rf7 1-0

[Event "POHÁR města Říčany 2023"]
[Site "Městské kulturní středisko U labutě"]
[Date "2023.08.26"]
[Round "1.33"]
[White "Svadlenka, Dominik"]
[Black "Siles, Jan"]
[Result "1-0"]
[WhiteElo "1515"]
[BlackElo "1869"]
[WhiteFideId "23716258"]
[BlackFideId "23715405"]
[PlyCount "0"]
[EventDate "2023.08.26"]

1. d4 d5 2. c4 e6 3. Nc3 Nf6 4. Bg5 Nbd7 5. e3 Be7 6. cxd5 exd5 7. Bd3 O-O
8. Nf3 h6 9. Bh4 c6 10. O-O Re8 11. Qc2 Ne4 12. Bxe7 Qxe7 13. Rab1 a5 14. a3
Ndf6 15. Ne5 c5 16. Nxd5 Nxd5 17. Bxe4 cxd4 18. exd4 Nf4 19. Bf3 Qg5 20. Rfe1
Bf5 21. Qb3 Bxb1 22. Qxf7+ Kh7 23. Rxb1 Rac8 24. Qxe8 Rxe8 25. Nf7 Kg8 26. Nxg5
hxg5 27. Kf1 Kf7 28. g3 Ne6 29. Re1 Rd8 30. d5 Nd4 31. Be4 Kf6 32. f4 gxf4
33. gxf4 b6 34. Kf2 Nf5 35. Kf3 Re8 36. Rg1 Nd4+ 37. Ke3 Nb3 38. Rg6+ Kf7
39. Rg5 Nd2 40. Rf5+ Kg8 41. Kxd2 Rxe4 42. Kd3 Re1 43. Kc3 Re2 44. d6 1-0

[Event "POHÁR města Říčany 2023"]
[Site "Městské kulturní středisko U labutě"]
[Date "2023.08.26"]
[Round "1.34"]
[White "Pisar, Tomas"]
[Black "Pechanek, Krystof Jan"]
[Result "1-0"]
[WhiteElo "1861"]
[BlackElo "1493"]
[WhiteFideId "23701501"]
[BlackFideId "23719869"]
[PlyCount "0"]
[EventDate "2023.08.26"]

1. d4 f5 2. Nf3 Nf6 3. g3 g6 4. Bg2 d6 5. O-O Bg7 6. c4 O-O 7. Nc3 Nc6 8. d5
Ne5 9. Nxe5 dxe5 10. e4 f4 11. gxf4 exf4 12. e5 Ng4 13. e6 Ne5 14. Be4 a6
15. Ne2 g5 16. Nd4 Qe8 17. Nf5 Bf6 18. Bd2 Nxc4 19. Bc3 Nd6 20. Nxd6 cxd6
21. Qg4 Bxc3 22. Qh3 h5 23. bxc3 Kg7 24. Kh1 Kh6 25. Rg1 Rg8 26. Qf5 Qg6
27. Qxg6+ Rxg6 28. Bxg6 Kxg6 29. f3 b5 30. h4 Bb7 31. Rxg5+ 1-0

[Event "POHÁR města Říčany 2023"]
[Site "Městské kulturní středisko U labutě"]
[Date "2023.08.26"]
[Round "1.37"]
[White "Pogorelskiy, Boris"]
[Black "Blazek, Miroslav"]
[Result "0-1"]
[WhiteElo "1445"]
[BlackElo "1849"]
[WhiteFideId "34365478"]
[BlackFideId "335215"]
[PlyCount "0"]
[EventDate "2023.08.26"]

1. e4 e6 2. d4 d5 3. exd5 exd5 4. Bd3 Nf6 5. h3 c5 6. c3 Be7 7. Nf3 O-O 8. O-O
Nc6 9. Be3 b6 10. Re1 h6 11. Nbd2 Be6 12. Nf1 Bd6 13. Qc1 Ne4 14. Bf4 Qf6
15. Bxd6 Nxd6 16. Ne5 Rac8 17. Nxc6 Rxc6 18. Qd2 cxd4 19. cxd4 Rfc8 20. Nh2 Bf5
21. Nf3 Bxd3 22. Qxd3 Ne4 23. Qe3 Rc2 24. Re2 Qc6 25. Ne5 Qb5 26. Rxc2 Rxc2
27. Qb3 Qe2 0-1

[Event "POHÁR města Říčany 2023"]
[Site "Městské kulturní středisko U labutě"]
[Date "2023.08.26"]
[Round "1.35"]
[White "Kammova, Katerina"]
[Black "Picek, Miroslav"]
[Result "1-0"]
[WhiteElo "1487"]
[BlackElo "1855"]
[WhiteFideId "23737336"]
[BlackFideId "325198"]
[PlyCount "0"]
[EventDate "2023.08.26"]

1. e4 d6 2. d4 Nf6 3. Nc3 c6 4. f4 Qa5 5. Bd2 Qb6 6. Nf3 Bg4 7. Na4 Qc7 8. Bd3
e5 9. dxe5 dxe5 10. fxe5 Nfd7 11. Bf4 Qa5+ 12. c3 Bxf3 13. gxf3 Nxe5 14. Bc2
Nbd7 15. b4 Qd8 16. Qe2 Qf6 17. Bxe5 Qxe5 18. Qe3 Bxb4 19. f4 Qf6 20. e5 Qh4+
21. Ke2 Ba5 22. Rag1 Nb6 23. Nxb6 Bxb6 24. Qg3 Qe7 25. Qxg7 O-O-O 26. Qg4+ Kb8
27. Rd1 Qc5 28. Qf3 Qc4+ 29. Bd3 Qxc3 30. Rc1 Qd4 31. Rc4 Qf2+ 32. Qxf2 Bxf2
33. Be4 Bb6 34. Rd1 Rxd1 35. Kxd1 h5 36. Ke2 h4 37. h3 Rg8 38. Rc3 Rg1 39. Rb3
Rc1 40. Rd3 Ba5 41. Rd1 1-0

[Event "POHÁR města Říčany 2023"]
[Site "Městské kulturní středisko U labutě"]
[Date "2023.08.26"]
[Round "1.36"]
[White "Svetly, Jiri"]
[Black "Moravec, Marek"]
[Result "1-0"]
[WhiteElo "1850"]
[BlackElo "1449"]
[WhiteFideId "316032"]
[BlackFideId "23764155"]
[PlyCount "0"]
[EventDate "2023.08.26"]

1. d4 Nf6 2. c4 g6 3. Nc3 d5 4. cxd5 Nxd5 5. Bd2 Bg7 6. e4 Nxc3 7. Bxc3 O-O
8. Bc4 Nc6 9. Ne2 e6 10. h4 h5 11. Qd2 Kh7 12. g4 e5 13. d5 Nd4 14. Bxd4 exd4
15. gxh5 gxh5 16. f4 c5 17. Bd3 Bg4 18. e5+ Kh8 19. Be4 Bh6 20. Kf2 f5 21. Bg2
Rg8 22. Ng3 Qb6 23. b3 Rae8 24. Rhe1 Qd8 25. d6 Rg7 26. b4 b6 27. Rac1 Qxh4
28. Rh1 Qd8 29. Nxh5 Rxe5 30. fxe5 Bxd2 31. Nf6+ 1-0

[Event "POHÁR města Říčany 2023"]
[Site "Městské kulturní středisko U labutě"]
[Date "2023.08.26"]
[Round "1.37"]
[White "Pogorelskiy, Boris"]
[Black "Blazek, Miroslav"]
[Result "0-1"]
[WhiteElo "1445"]
[BlackElo "1849"]
[WhiteFideId "34365478"]
[BlackFideId "335215"]
[PlyCount "0"]
[EventDate "2023.08.26"]

1. e4 e6 2. d4 d5 3. exd5 exd5 4. Bd3 Nf6 5. h3 c5 6. c3 Be7 7. Nf3 O-O 8. O-O
Nc6 9. Be3 b6 10. Re1 h6 11. Nbd2 Be6 12. Nf1 Bd6 13. Qc1 Ne4 14. Bf4 Qf6
15. Bxd6 Nxd6 16. Ne5 Rac8 17. Nxc6 Rxc6 18. Qd2 cxd4 19. cxd4 Rfc8 20. Nh2 Bf5
21. Nf3 Bxd3 22. Qxd3 Ne4 23. Qe3 Rc2 24. Re2 Qc6 25. Ne5 Qb5 26. Rxc2 Rxc2
27. Qb3 Qe2 28. Rf1 Qxf1+ 0-1

[Event "POHÁR města Říčany 2023"]
[Site "Městské kulturní středisko U labutě"]
[Date "2023.08.26"]
[Round "1.38"]
[White "Andrle, Filip"]
[Black "Meca, Viktor"]
[Result "0-1"]
[WhiteElo "1848"]
[BlackElo "1421"]
[WhiteFideId "23718749"]
[BlackFideId "23739800"]
[PlyCount "0"]
[EventDate "2023.08.26"]

1. e4 c5 2. Nf3 d6 3. d4 cxd4 4. Nxd4 Nf6 5. Nc3 g6 6. Be3 Bg7 7. f3 O-O 8. Qd2
Nc6 9. O-O-O d5 10. Nxc6 bxc6 11. exd5 cxd5 12. Nxd5 Nxd5 13. Qxd5 Qc7 14. Qc5
Qb7 15. Bd4 Bf5 16. Qb5 Qc7 17. Qc5 Qxc5 18. Bxc5 Rfc8 19. g4 Bxc2 20. Kxc2
Rxc5+ 21. Kb1 Rb8 22. b3 a5 23. Rc1 Bc3 24. Bd3 a4 25. Bc2 Rbc8 26. b4 Bxb4
27. Bxa4 Ba3 28. Rxc5 Rxc5 29. Bc2 Rc3 30. f4 Rc4 31. Rf1 Bd6 32. Bb3 Rxf4
33. Rxf4 Bxf4 34. h3 Kg7 35. Kc2 f5 36. Kd3 Kf6 37. Ke2 e5 38. a4 e4 39. a5 Bc7
40. a6 Bb6 41. Ba2 h6 42. Bb3 f4 43. Bc2 Ke5 44. Bd1 f3+ 45. Ke1 Kf4 46. Bc2 g5
47. Bb3 Kg3 48. Be6 Kg2 0-1

[Event "POHÁR města Říčany 2023"]
[Site "Městské kulturní středisko U labutě"]
[Date "2023.08.26"]
[Round "1.39"]
[White "Cermak, Filip"]
[Black "Maslo, Ondrej"]
[Result "1/2-1/2"]
[WhiteElo "1403"]
[BlackElo "1848"]
[WhiteFideId "23739096"]
[BlackFideId "368440"]
[PlyCount "0"]
[EventDate "2023.08.26"]

1. c4 g6 2. d4 Bg7 3. g3 c5 4. Nf3 cxd4 5. Nxd4 Nc6 6. Nxc6 bxc6 7. Qc2 Nf6
8. Nc3 O-O 9. Bg2 Ba6 10. b3 d5 11. O-O dxc4 12. b4 Nd5 13. Bb2 Nxb4 14. Qa4 Rb8
15. Rab1 Qc8 16. Ba1 Rb6 17. Rxb4 Rxb4 18. Qxb4 Qe6 19. Ne4 c3 20. Bxc3 Qxa2
21. Bxg7 Kxg7 22. Qd4+ Kg8 23. Ra1 Qc4 24. Qxa7 Bb5 25. Qxe7 Qxe2 26. Nf6+ Kg7
27. Qxe2 Bxe2 28. Nd7 Rc8 29. Ne5 c5 30. Ra7 c4 31. Rxf7+ Kh8 32. Be4 c3 33. Bc2
Kg8 34. f4 Bg4 35. Bb3 Bh3 36. Rc7+ Kf8 37. Rxc8+ Bxc8 38. Kf2 Bf5 39. Ke3 h5
40. Nd3 Kg7 41. Kd4 Kf6 42. Kxc3 g5 43. Kd4 h4 44. Nf2 hxg3 45. hxg3 gxf4
46. gxf4 Bh7 47. Bc4 Kf5 48. Bd3+ Kxf4 49. Bxh7 {po 50 tazich skoniclo remizou}
1/2-1/2

[Event "POHÁR města Říčany 2023"]
[Site "Městské kulturní středisko U labutě"]
[Date "2023.08.26"]
[Round "1.40"]
[White "Vavrinec, Tomas"]
[Black "Borecky, Andrej"]
[Result "1-0"]
[WhiteElo "1847"]
[BlackElo "1394"]
[WhiteFideId "318353"]
[BlackFideId "23752670"]
[PlyCount "0"]
[EventDate "2023.08.26"]

1. Nf3 f5 2. g3 Nc6 3. c4 e5 4. d3 Bc5 5. Nc3 d6 6. Bg2 Nf6 7. O-O O-O 8. Bg5
h6 9. Bxf6 Qxf6 10. Nd5 Qf7 11. Rb1 a5 12. a3 f4 13. b4 axb4 14. axb4 Ba7 15. b5
Nd4 16. b6 Nxf3+ 17. Bxf3 cxb6 18. Nxb6 Rb8 19. Nxc8 1-0

[Event "POHÁR města Říčany 2023"]
[Site "Městské kulturní středisko U labutě"]
[Date "2023.08.26"]
[Round "1.41"]
[White "Rossler, Erik"]
[Black "Strnadova, Monika"]
[Result "1/2-1/2"]
[WhiteElo "1394"]
[BlackElo "1833"]
[WhiteFideId "23719761"]
[BlackFideId "23701668"]
[PlyCount "0"]
[EventDate "2023.08.26"]

1. e4 c5 2. Nf3 Nc6 3. d4 cxd4 4. Nxd4 g6 5. c4 Bg7 6. Be3 Nf6 7. f3 O-O 8. Qd2
d6 9. Nc3 Re8 10. Be2 Bd7 11. O-O Qc8 12. Rac1 h5 13. Rfd1 Kh7 14. Nd5 Qd8
15. Nb5 Rh8 16. Nbc3 Kg8 17. b4 Nxd5 18. Nxd5 Be6 19. b5 Ne5 20. c5 Rc8 21. cxd6
Qxd6 22. Rxc8+ Bxc8 23. Rc1 Kh7 24. Bc5 Qe6 25. Bxe7 Re8 26. Bg5 Bd7 27. Nc7
Qb6+ 28. Be3 Bh6 29. Nd5 Bxe3+ 30. Qxe3 Qxe3+ 31. Nxe3 Rc8 32. Rxc8 Bxc8 33. f4
Nd7 34. Bc4 Kg7 35. e5 Nc5 36. Bd5 Nd3 37. g3 g5 38. Bc4 Nb2 39. Be2 g4 40. h3
Na4 41. hxg4 hxg4 42. f5 Nc3 43. Bc4 Kf8 44. e6 fxe6 45. fxe6 Ke7 46. Nxg4 Bxe6
47. Ne3 Bxc4 48. Nxc4 Nxb5 49. Kf2 Nc3 50. a3 Ke6 1/2-1/2

[Event "POHÁR města Říčany 2023"]
[Site "Městské kulturní středisko U labutě"]
[Date "2023.08.26"]
[Round "1.42"]
[White "Kovar, Jan"]
[Black "Dudarec, Elias"]
[Result "1-0"]
[WhiteElo "1810"]
[BlackElo "1380"]
[WhiteFideId "354015"]
[BlackFideId "23714930"]
[PlyCount "0"]
[EventDate "2023.08.26"]

1. e4 e6 2. d4 d5 3. Nd2 c5 4. exd5 exd5 5. Bb5+ Bd7 6. Qe2+ Qe7 7. Qxe7+ Bxe7
8. Bxd7+ Nxd7 9. dxc5 Bxc5 10. Ngf3 Ngf6 11. O-O O-O 12. Nb3 Bb6 13. Bf4 Ne4
14. Rad1 Ndf6 15. Nbd4 Rad8 16. c3 Rfe8 17. h3 h6 18. Rfe1 Nd7 19. Be3 a6
20. Nc2 Bxe3 21. Nxe3 Nb6 22. Rd4 Nf6 23. Red1 Rc8 24. Kf1 Kf8 25. Ne1 Re4
26. N1c2 Nc4 27. Nxc4 Rxd4 28. Rxd4 dxc4 29. Ne3 b5 30. Rd6 a5 31. Ra6 a4
32. Nf5 Nh7 33. Rb6 g6 34. Nd4 Ng5 35. f3 Ne6 36. Nxe6+ fxe6 37. Rxb5 a3 38. b4
cxb3 39. Rxb3 Ra8 40. Ke2 Ke7 41. Kd3 Kd6 42. Kd4 e5+ 43. Ke4 Ra4+ 44. Rb4 Rxb4+
45. cxb4 1-0

[Event "POHÁR města Říčany 2023"]
[Site "Městské kulturní středisko U labutě"]
[Date "2023.08.26"]
[Round "1.43"]
[White "Vajdik, Josef"]
[Black "Jirousek, Tadeas"]
[Result "0-1"]
[WhiteElo "1377"]
[BlackElo "1791"]
[WhiteFideId "23716606"]
[BlackFideId "382353"]
[PlyCount "0"]
[EventDate "2023.08.26"]

1. Nf3 Nf6 2. e3 c5 3. c4 g6 4. Nc3 Bg7 5. d4 O-O 6. Be2 a6 7. O-O Qc7 8. Qc2
d6 9. b3 Nbd7 10. Bb2 Rb8 11. Rac1 b6 12. Nd2 Bb7 13. Bf3 Bxf3 14. Nxf3 b5
15. Ne2 Rfc8 16. Qd3 bxc4 17. Qxc4 d5 18. Qc2 c4 19. bxc4 Qxc4 20. Qxc4 dxc4
21. Ba3 Nd5 22. e4 Nb4 23. Bxb4 Rxb4 24. a3 Rb3 25. Rc3 a5 26. Rfc1 Nb6 27. Rxb3
cxb3 28. Rxc8+ Nxc8 29. Nc3 Nd6 30. Kf1 e6 31. Ke2 Nc4 32. a4 Bf8 33. Kd3 Nb2+
34. Kd2 Bb4 0-1

[Event "POHÁR města Říčany 2023"]
[Site "Městské kulturní středisko U labutě"]
[Date "2023.08.26"]
[Round "1.44"]
[White "Sedlak, Milan"]
[Black "Studzinski, David"]
[Result "1-0"]
[WhiteElo "1785"]
[BlackElo "1262"]
[WhiteFideId "23746149"]
[BlackFideId "376027"]
[PlyCount "0"]
[EventDate "2023.08.26"]

1. Nf3 d6 2. c4 c6 3. g3 g6 4. d4 Bg7 5. Bg2 Nd7 6. Nc3 e5 7. Ne4 Ndf6 8. Nxf6+
Qxf6 9. dxe5 Qe6 10. Qxd6 h6 11. Qxe6+ Bxe6 12. b3 O-O-O 13. Bb2 c5 14. O-O Ne7
15. Rad1 Nc6 16. h3 Kc7 17. Rd6 Kc8 18. Rfd1 Rxd6 19. Rxd6 Rd8 20. Rxd8+ Kxd8
21. g4 g5 22. Ba3 b6 23. Nxg5 hxg5 24. Bxc6 Bxe5 25. Bc1 f6 26. e3 f5 27. gxf5
Bxf5 28. e4 Bxh3 29. Bxg5+ Kc7 30. Bd5 Bd4 31. Kh2 Bd7 32. Kg3 b5 33. cxb5 Bxb5
34. f4 Kd6 35. f5 Bg7 36. f6 Bf8 37. Bf4+ Kd7 38. e5 Ke8 39. e6 Bd7 40. exd7+
Kxd7 41. Kg4 Ke8 42. Kf5 Kd7 43. Kg6 Ke8 1-0

[Event "POHÁR města Říčany 2023"]
[Site "Městské kulturní středisko U labutě"]
[Date "2023.08.26"]
[Round "1.45"]
[White "Stufka, Martin"]
[Black "Zemen, Pavel"]
[Result "1/2-1/2"]
[WhiteElo "1258"]
[BlackElo "1785"]
[WhiteFideId "23748800"]
[BlackFideId "387410"]
[PlyCount "0"]
[EventDate "2023.08.26"]

1. d4 g6 2. Nf3 Bg7 3. Bf4 d6 4. e3 Nf6 5. Be2 Nbd7 6. O-O O-O 7. Nbd2 Re8
8. Re1 e5 9. dxe5 dxe5 10. Bg3 Nh5 11. Bh4 Bf6 12. Bxf6 Nhxf6 13. Nc4 Qe7 14. c3
e4 15. Nd4 Ne5 16. Qb3 c5 17. Nxe5 Qxe5 18. Nb5 Be6 19. Qc2 a6 20. Na3 b5 21. c4
b4 22. Nb1 Ng4 23. g3 Qh5 24. h4 Qf5 25. Bxg4 Qxg4 26. Nd2 Bf5 27. Nb3 Rac8
28. Qe2 Red8 29. Rad1 Qxe2 30. Rxd8+ Rxd8 31. Rxe2 Rd1+ 32. Kh2 Bg4 33. Rd2 Rb1
34. Nxc5 a5 35. b3 Bf3 36. g4 Rh1+ 37. Kg3 Rg1+ 38. Kh3 Rh1+ 39. Kg3 1/2-1/2